Govt. of
Madhya Pradesh

Torn From The Roots (Record no. 13527)

MARC details
000 -LEADER
fixed length control field 005040000a22001930004500
001 - CONTROL NUMBER
control field 001607
003 - CONTROL NUMBER IDENTIFIER
control field MACL
005 - DATE AND TIME OF LATEST TRANSACTION
control field 20150909125254.0
008 - FIXED-LENGTH DATA ELEMENTS--GENERAL INFORMATION
fixed length control field 150909b xxu||||| |||| 00| 0 eng d
040 ## - CATALOGING SOURCE
Original cataloging agency MACL
Transcribing agency MACL
041 ## - LANGUAGE CODE
Language code of text/sound track or separate title English
082 ## - DEWEY DECIMAL CLASSIFICATION NUMBER
Classification number 820/PAT
100 ## - MAIN ENTRY--PERSONAL NAME
Personal name Patel, Kamla
9 (RLIN) 9496
245 ## - TITLE STATEMENT
Title Torn From The Roots
Remainder of title Mool Sotan Ukhdelan A Partition Memoir
Statement of responsibility, etc. Kamla Patel
260 ## - PUBLICATION, DISTRIBUTION, ETC. (IMPRINT)
Place of publication, distribution, etc. New Delhi
Date of publication, distribution, etc. 2006
Name of publisher, distributor, etc. Women Unlimited,
350 ## - PRICE (NR) (BK AM CF MU VM SE) [OBSOLETE]
Price 350
650 ## - SUBJECT ADDED ENTRY--TOPICAL TERM
Topical term or geographic name as entry element Literature
9 (RLIN) 9497
942 ## - ADDED ENTRY ELEMENTS (KOHA)
Call number prefix 820
Koha item type Books
Source of classification or shelving scheme
Holdings
Withdrawn status Lost status Source of classification or shelving scheme Damaged status Not for loan Home library Current library Date acquired Cost, normal purchase price Total Checkouts Full call number Barcode Date last seen Uniform Resource Identifier Price effective from Koha item type
          MACL MACL 09/09/2015 350.00   820/PAT CRE019795 02/05/2024 13402 15/04/2015 Books